La chica del jardín /
Guardado en:
| Autor Principal: | |
|---|---|
| Otros Autores: | |
| Formato: | Libro |
| Publicado: |
Buenos Aires :
Riderchail Editions,
2014
|
| Series: | Historias entre tumbas ; 4
|
| Materias: | |
| Etiquetas: |
Agregar Etiqueta
Sin Etiquetas, Sea el primero en etiquetar este registro!
|
| LEADER | 00828nam a22002655a 4500 | ||
|---|---|---|---|
| 001 | CEM.cems015193 | ||
| 005 | 20191108190459.0 | ||
| 008 | 130507s2014##################000#0#####d | ||
| 003 | CEMS | ||
| 020 | |a 9789871603527 | ||
| 082 | 0 | 4 | |a A868.4 |
| 100 | 1 | |a Saracino, Luciano | |
| 245 | 1 | 0 | |a La chica del jardín / |c Luciano Saracino ; ilustrado Por Gustavo Ariel Mazali |
| 260 | |a Buenos Aires : |b Riderchail Editions, |c 2014 | ||
| 300 | |a 32 p. | ||
| 490 | 0 | |a Historias entre tumbas ; 4 | |
| 653 | |a Literatura | ||
| 653 | |a Literatura argentina | ||
| 653 | |a Literatura infantil | ||
| 653 | |a Cuentos infantiles | ||
| 653 | |a Colección ciencias de la educación | ||
| 653 | |a Terror | ||
| 653 | |a Cuentos de terror | ||
| 700 | 1 | |a Mazali, Gustavo Ariel | |
| 859 | |a CEMS |b BIB. CEMS - Ccias. Educacion |h A868.4 |i Sa712-2 |k CE |p 28342.19 |t Ej.1 | ||
